000 00866nam a2200229Ia 4500
003 GCL
005 20240530095316.0
008 140319s9999 xx 000 0 ara d
020 _a7116339977
040 _aGCL /
_cGCL
082 0 4 _a327.6205525
_bق/س ع
100 1 _aسعيد الصباغ
245 1 0 _aالعلاقة بين القاهرة وطهران :
_bتنافس ام تعاون ؟ المحددات والاسرار /
_cسعيد الصباغ
250 _aالاولى
260 _aالقاهرة :
_bالدار الثقافية للنشر ،
_c2003
300 _a254 ص ؛
_c24 سم
650 0 4 _aمصر - الاحوال السياسية
650 0 4 _aمصر - العلاقات الخارجية
650 0 4 _aايران - العلاقات الخارجية
650 0 4 _aمصر - ايران - العلاقات الخارجية
942 _2ddc
_cBK
999 _c6020
_d6020